01402cam a2200241 a 450000100060000000300080000600500170001400800410003103500190007204000410009104100160013208200220014824501270017026000740029730000510037150400200042250504720044260000490091470000270096394200120099099900170100295201410101924029BD-RjUL20211209001012.0140312t1959 enkcj 001 0 eng u a(BD-RjUL)24094 aITDdPLTdEQOdBD-RjULbengcBD-RjUL1 aenghlatund04a922.245bLIF 195904aThe life of Saint Thomas Aquinas :bbiographical documents /ctranslated and edited with an introduction by Kenelm Foster. aLondon ;bLongmans, Green & Co. ;aBaltimore :bHelicon Press,c1959. axii, 172 p. :bport., geneal. table. ;c24 cm. aincludes index.0 aBibliography and abbreviations (p. X-XII) -- Introduction. -- The life of St. Thomas Aquinas, by Bernard Gui. -- From the first canonisation enquiry. -- From the Historia ecclesiastica of Tolomeo of Lucca. -- From the Vitae fratrum of Gerard de Frachet. -- From the Cronica brevis of Gerard de Frachet. -- A letter of the Faculty of Arts in the University of Paris. -- Appendix 1. Note on St. Thomas's family. -- Appendix 2. An Italian sonnet attributed to St. Thomas00aThomas,cAquinas, Saint,d1225?-1274.9740101 aFoster, Kenelm.962215 2ddccBK c24029d24029 00102ddc40728NFICaRUCLbRUCLcReadingd1965-04-22eZeitlingerg30.00l0o922.245 LIF 1959r2014-03-12 00:00:00tC-1w2014-03-12yBK